01281nas a2200277Ia 4500001001100000003000900011008004100020040001300061040001300074041001300087100003800100210002100138222002100159245009700180250001100277260003600288501008600324300001000410310001200420362003400432500026000466650003600726942000700762999001900769952021500788R022/43038IT-RoPAU151124c99999999xx |||||||||||| ||und|| aIT-RoPAU cIT-RoPAU aITALIANO aAA.VV. gCodice Aut. SPICS: 12000 aINFORMAZIONI MCS aInformazioni Mcs aINFORMAZIONI MCS, ANNO 22-N.01 (GENNAIO 1979)bInformazioni Mcs, Anno 22-N.01 (Gennaio 1979) a1a ed. aVICENZAbINFORMAZIONI MCSc1979 bPaulus - SPICS - Società San Paolo EM (non-commercial uses only)cCopyright2015 a32 p. aMENSILE aANNO 022, N.01 (GENNAIO 1979) aNon C'E' Chiesa Senza Comunicazione. Schede Critiche dei Film: il Vizietto, Visite a Domicilio, Elliott il Drago Invisibile, la Vendetta della Pantera Rosa, Corleone, Driver, Agenzia Matrimoniale A, Convoy, a Chi Tocca Tocca, Battaglie nella Galassia, Dis aCINEMAvPUBBLICAZIONE PERIODICA cCR c145248d145248 0010406R_022_43038000000000071aSPICSbSPICSd2015-11-25l0oR022/43038r2015-11-25 00:00:00w2015-11-25yCRzProgr. Ins: 27887 / Copia rara: NO / date import: 25.11.2015 / By Epidotti, Trombetti, Vaglietti